| 000 | 00618nam a2200181 i 4500 | ||
|---|---|---|---|
| 001 | 45794 | ||
| 003 | ES-MaACL | ||
| 007 | t| | ||
| 008 | 030327s1837 it ||||1| ita d | ||
| 100 | 1 |
_aColletta, Pietro. _939695 |
|
| 245 | 1 | 0 |
_aStoria del Reame di Napoli dal 1734 sino al 1825 del Generale / _cPietro Colletta. |
| 260 |
_aParigi : _bBandry, _c1837. |
||
| 300 |
_a2 v. ; _c22 cm. |
||
| 490 | 1 |
_aCollezione de migliori autori italiani antichi e moderni ; _v35 y 36 |
|
| 830 | 0 |
_aCollezione de' miglori autori italiani antichi e moderni _v35 y 36 _9221518 |
|
| 852 |
_aES-MaACL _jG-2895-6 |
||
| 999 |
_c45794 _d45794 |
||